Employee share ownership : winning strategies for business penformance and growth
| Main Author: | |
|---|---|
| Format: | Book |
| Published: |
London :
Kogan Page Ltd. ,
1991
|
| Subjects: |
MARC
| LEADER | 00000cam a2200000 7i4500 | ||
|---|---|---|---|
| 001 | 0000005883 | ||
| 002 | 000006356 | ||
| 005 | 20000330.0 | ||
| 020 | |a 0749402210 | ||
| 090 | 0 | 0 | |a 650.1 |b COP |
| 100 | 0 | |a Copeman, George | |
| 245 | 1 | 0 | |a Employee share ownership : |b winning strategies for business penformance and growth |c George Copeman and Stephen Collins |
| 260 | |a London : |b Kogan Page Ltd. , |c 1991 | ||
| 300 | |a 253p. ; |c 24cm. | ||
| 650 | 0 | 0 | |a Success in business |
| 999 | |a 030628 |b BUKU |c PINJAMAN |e PERPUSTAKAAN KOMUNITI PETALING JAYA | ||